000 00590nam a2200157 i 4500
001 165275
003 SpMaBN
005 20230906213113.0
008 180802s1945 sp |||| | spa d
100 1 _aWagnière, Georges.
_9165315
245 1 0 _aDieciocho años en Roma /
_cG. Wagnière ; [traducción del francés, por Delfín Muñoz].
260 _aBarcelona :
_bTurissa,
_c[1945]
300 _a287 p. ;
_c20 cm.
651 4 _aItalia-
_xPolítica y gobierno-
_z1914-1945.
_98875
852 _aES-MaACL
_jL-32203
_z- Enc. tela
_z. - Donat. herederos de la bibl. de Mª del Pilar Costa Palacín
999 _c165275
_d165275